| 000 | 00569nam a22001817a 4500 | ||
|---|---|---|---|
| 005 | 20171025145652.0 | ||
| 010 | _aENG-121072 | ||
| 020 |
_c60.00 _a9788184494051 |
||
| 035 | _aEN-104604 | ||
| 037 | _bDBAD/PUB | ||
| 082 | _a920 | ||
| 100 | _aVarghese, K.C. | ||
| 245 |
_a501 Famous personalities/ _cby K.C. Varghese |
||
| 260 |
_aChennai _bV.V.K. Subburaj for First Edition [An imprint of Sura Books] _c2012 |
||
| 270 |
_a1620, 'J' Block, 16th Main Road, Anna Nagar _bChennai _e600040 |
||
| 300 |
_a113p. _c21cm(pbk) |
||
| 942 |
_2ddc _cEN _h920 _mVAR |
||
| 999 |
_c146844 _d146844 |
||